|
|
|
|
| LEADER |
00000cmm a22000004a 4500 |
| 001 |
musev2_99994 |
| 003 |
MdBmJHUP |
| 005 |
20230905053457.0 |
| 006 |
m o d |
| 007 |
cr||||||||nn|n |
| 008 |
220303s2021 gw o 00 0 ger d |
| 020 |
|
|
|a 9783944773377
|
| 020 |
|
|
|z 9783944773360
|
| 035 |
|
|
|a (OCoLC)1303187819
|
| 040 |
|
|
|a MdBmJHUP
|c MdBmJHUP
|
| 100 |
1 |
|
|a Camilleri, Nicola,
|d 1984-
|e Verfasser.
|0 (DE-588)1177839563
|4 aut
|
| 240 |
1 |
0 |
|a Koloniale Untertanen
|
| 245 |
1 |
0 |
|a Staatsangehörigkeit und Rassismus :
|b Rechtsdiskurse und Verwaltungspraxis in den Kolonien Eritrea und Deutsch-Ostafrika (1882 - 1919) /
|c Nicola Camilleri.
|
| 264 |
|
1 |
|a Frankfurt am Main
|b Max Planck Institute for Legal History and Legal Theory
|c 2021
|
| 264 |
|
3 |
|a Baltimore, Md. :
|b Project MUSE,
|c 2022
|
| 264 |
|
4 |
|c ©2021
|
| 300 |
|
|
|a 1 online resource (316 pages):
|b Karten
|
| 336 |
|
|
|a text
|b txt
|2 rdacontent
|
| 337 |
|
|
|a computer
|b c
|2 rdamedia
|
| 338 |
|
|
|a online resource
|b cr
|2 rdacarrier
|
| 490 |
0 |
|
|a Global perspectives on legal history ;
|v volume 19
|
| 500 |
|
|
|a Dissertation eingereicht unter dem Titel: "Koloniale Untertanen : die Politik der Staatsangehörigkeit im italienischen Eritrea und Deutsch-Ostafrika (1882-1919)".
|
| 502 |
|
|
|b Dissertation
|c Freie Universität Berlin
|d 2017.
|
| 506 |
0 |
|
|a Open Access
|f Unrestricted online access
|2 star
|
| 588 |
|
|
|a Description based on print version record.
|
| 650 |
0 |
7 |
|a Kolonialismus.
|0 (DE-588)4073624-6
|2 gnd
|
| 650 |
0 |
7 |
|a Staatsangehörigkeit.
|0 (DE-588)4056630-4
|2 gnd
|
| 651 |
|
7 |
|a Italienisch-Ostafrika.
|0 (DE-588)4666871-8
|2 gnd
|
| 651 |
|
7 |
|a Deutsch-Ostafrika.
|0 (DE-588)4011926-9
|2 gnd
|
| 655 |
|
7 |
|a Hochschulschrift.
|0 (DE-588)4113937-9.
|2 gnd
|
| 655 |
|
7 |
|a Electronic books.
|2 local
|
| 710 |
2 |
|
|a Project Muse.
|e distributor
|
| 830 |
|
0 |
|a Book collections on Project MUSE.
|
| 856 |
4 |
0 |
|z Texto completo
|u https://projectmuse.uam.elogim.com/book/99994/
|